000 01387nam a2200349 a 4500
001 ebr10626345
003 CaPaEBR
006 m u
007 cr cn|||||||||
008 060813s2006 enka sb 001 0 eng d
010 _z 2006386615
020 _z0854042067
020 _z9780854042067
020 _z9781847552440 (e-book)
040 _aCaPaEBR
_cCaPaEBR
035 _a(OCoLC)607804656
050 1 4 _aTD196.C45
_bC4858 2006eb
082 0 4 _a363.738
_222
245 0 0 _aChemicals in the environment
_h[electronic resource] :
_bassessing and managing risk /
_ceditors, R.E. Hester and R.M. Harrison.
260 _aCambridge :
_bRSC Pub.,
_c2006.
300 _axiv, 158 p. :
_bill.
440 0 _aIssues in environmental science and technology,
_x1350-7583 ;
_v22
504 _aIncludes bibliographical references and index.
533 _aElectronic reproduction.
_bPalo Alto, Calif. :
_cebrary,
_d2011.
_nAvailable via World Wide Web.
_nAccess may be limited to ebrary affiliated libraries.
650 0 _aPollution
_xEnvironmental aspects.
650 0 _aEcological risk assessment.
655 7 _aElectronic books.
_2local
700 1 _aHester, R. E.
_q(Ronald E.)
700 1 _aHarrison, Roy M.,
_d1948-
710 2 _aebrary, Inc.
856 4 0 _uhttp://site.ebrary.com/lib/rucke/Doc?id=10626345
_zAn electronic book accessible through the World Wide Web; click to view
999 _c50791
_d50791